| 000 | 01202nam0a22003011 4500 | ||
|---|---|---|---|
| 001 | rc\4096926 | ||
| 005 | 20260406110952.0 | ||
| 021 |
_aRU _b[51-22936] |
||
| 035 | _a(NLR Aleph) 007973285 | ||
| 090 |
_a8473314 _c8473314 |
||
| 100 | _a20130415d1951 |||y0rusy50 ca | ||
| 101 | 0 | _arus | |
| 102 | _aRU | ||
| 105 | _aa z |||a| | ||
| 200 | 1 |
_aЖенское сердце _e[Рассказы] _fИл. Г. Валька |
|
| 210 |
_aМосква _c[Правда] _d1951 |
||
| 215 |
_a63 с. _cил. _d17 |
||
| 225 | 1 |
_aБиблиотека "Крокодила" _v№ 72 |
|
| 327 | 1 | _aСодерж.: Женское сердце; Мальчик из нашей квартиры; На всю улицу [и др.] | |
| 464 | 0 |
_12001#$aЖенское сердце$aМальчик из нашей квартиры$aНа всю улицу _tНа всю улицу |
|
| 700 | 1 |
_aКарбовская _bВ.А. _f1908-1969 _gВарвара Андреевна |
|
| 702 | 1 |
_4440 _aВальк _bГ.О. _f1918-1998 _gГенрих Оскарович _3RU\NLR\AUTH\77115368 _998293 |
|
| 801 | 0 |
_aRU _bNLR _gpsbo |
|
| 801 | 1 |
_aRU _bELAR _2rusmarc |
|
| 852 |
_aNLR _jЛ30 Г-2/2508 |
||
| 942 | _cBOOK | ||
| 980 | _aNB | ||